000 02409nam0a2200397 4500
001 RU\NLR\BIBL_A\012316882
005 20200917103750.0
010 _a978-5-91961-312-1
_9500
021 _aRU
_bКН-П-20-019194
_9КН-П-20-1512
035 _a(NLR Aleph) 012316882
035 _a(RuMoRGB)010316847
090 _a11400238
_c11400238
100 _a20200818d2019 u y0rusy50 ca
101 0 _arus
102 _aRU
105 _aac||j|||000zy
181 0 _ai
_baxxe
182 0 _an
200 1 _aРазработка нефтяных месторождений с трудноизвлекаемыми запасами
_dDevelopment of oil fields with hard-to-produce reserves
_eучебник
_eдля студентов образовательных организаций высшего образования, обучающихся по направлению подготовки 21.04.01 "Нефтегазовое дело" (уровень магистратуры)
_fЛ.Н. Назарова
_zeng
203 _aТекст
_bвизуальный
_cнепосредственный
210 _aМосква
_cИздательский центр РГУ нефти и газа (НИУ) имени И.М. Губкина
_d2019
215 _a320, [1] с., [8] л. цв. ил.
_cил., портр., табл.
_d22
300 _aАвт. также на англ. яз.: L.N. Nazarova
300 _aНа 321-й с. авт.: Назарова Л.Н., д-р техн. наук, проф.
320 _aБиблиогр.: с. 318-320 (40 назв.)
510 1 _6z11790
_aDevelopment of oil fields with hard-to-produce reserves
_zeng
606 1 _aНефтяные пласты
_xНефтеотдача
_xПовышение
_jУчебники для высших учебных заведений
_2nlr_sh1
_2nlr_sh2
_3RU\NLR\AUTH\66768303
606 1 _aУглеводороды трудноизвлекаемые
_jУчебники для высших учебных заведений
_2nlr_sh1
_2nlr_sh2
_3RU\NLR\AUTH\661115561
686 1 _aИ361.7я73-1
700 1 _aНазарова
_bЛ. Н.
_cд-р техн. наук
_gЛариса Николаевна
_3RU\NLR\AUTH\77103078
790 1 _6z11510
_aNazarova
_bL. N.
_cканд. техн. наук
_gLarisa Nikolaevna
_3RU\NLR\AUTH\77108537
942 _cBOOK
980 _aNBR
980 _aNB